000 00888nam a2200289Ia 4500
003 OSt
005 20220918171025.0
006 a|||||r|||| 00| 0
007 ta
008 220917b |||||||| |||| 00| 0 eng d
020 _a9781137582294 (pbk)
_c799
024 _a286,677
037 _b7137, 27/11/2015, Organge Books International
_cTextual
040 _aARTS
_cARTS
_beng
041 _2eng
_aeng
082 _aW, N5;Q0
100 _aMarsh David Ed.
_933249
245 0 _aTheory and methods in political science
250 _a3rd
260 _aNew York
_bPalgrave U. S. A.
_c2015
300 _axvi, 392p.
_ccm.
490 _aPolitical analysis
650 _aPOLITICAL SCIENCE
700 _a Stoker Gerry Ed.
_933250
942 _hW, N5;Q0
_cTEXL
_2CC
999 _c137358
_d137358